000 00353nam a2200169Ia 4500
003 0100
008 130307s9999 xx 000 0 und d
040 _cARRUPELIB
050 _aPC5067.B341946
100 _aBarker, J.W
245 _aPortuguese
260 _aNY
260 _bHodder and Stoughton
260 _c1946
300 _a189p
942 0 0 _01
999 _c83009
_d83009